Normal view MARC view

Entry Nombre personal

Number of records used in: 1

001 - NÚMERO DE CONTROL

  • campo de control: 111671

003 - IDENTIFICADOR DE NÚMERO DE CONTROL

  • campo de control: OSt

005 - FECHA Y HORA DE LA ÚLTIMA TRANSACCIÓN

  • campo de control: 20260417100958.0

008 - ELEMENTOS DE DATO DE LONGITUD-FIJA

  • campo de control de longitud fija: 260417|| aca||aabn | a|a d

024 7# - IDENTIFICADOR DE OTROS ESTÁNDARES

  • Fuente: BNE
  • Número estándar o código: XX5647340

024 7# - IDENTIFICADOR DE OTROS ESTÁNDARES

  • Fuente: viaf
  • Número estándar o código: http://viaf.org/viaf/4148449512215690477/

040 ## - FUENTE DE CATALOGACIÓN

  • Centro catalogador/agencia de origen: M-RABA

100 1# - ENCABEZAMIENTO-NOMBRE DE PERSONA

  • Nombre de persona: Varela, Pedro
  • Títulos y otros términos asociados al nombre: (fotógrafo)

375 ## - GÉNERO/SEXO

  • Género: Masculino

670 ## - FUENTE DE DATOS ENCONTRADOS

  • Cita de la fuente: WWW BNE aut, 17/04/2026
  • Información encontrada: (Varela, Pedro (fotógrafo))

670 ## - FUENTE DE DATOS ENCONTRADOS

  • Cita de la fuente: Directorio de fotógrafos en España (1851-1936), 2013
  • Información encontrada: (Pedro Varela estuvo activo en la década de los sesenta del siglo XIX en Vigo, en la Rua Nueva nº39, aunque más tarde pasó a Orense, con gabinete con la Plaza del Aire donde los anuarios lo documentan en 1881 y 1882)

670 ## - FUENTE DE DATOS ENCONTRADOS

  • Cita de la fuente: WWW CERES (nº inv. FD021205. Museo del Traje), 17/04/2026
  • Información encontrada: (Pedro Varela Ulloa fue un fotógrafo gallego que trabajó a finales del siglo XIX: Su actividad se ha registrado en Lugo, Orense y Tui, antes de instalarse definitivamente en Valladolid.)

Powered by Koha